HACCP: enfoque práctico

Spremljeno u:
Bibliografski detalji
Glavni autori: Mortimore, Sara (autora), Wallace, Carol (Autor)
Format: Knjiga
Jezik:španjolski
Izdano: Zaragoza Acribia 1996
Teme:
Oznake: Dodaj oznaku
Bez oznaka, Budi prvi tko označuje ovaj zapis!

MARC

LEADER 00000nam a2200000 a 4500
001 UCP0082
003 CL-VaPUC
008 990128e19960000SP |||||||||||||||||spa|d
082 0 4 |a 664.2  |b MOR  |2 21 
100 |a Mortimore, Sara  |e autora  |9 425049 
700 0 |a Wallace, Carol  |e author  |9 425050 
245 1 0 |a HACCP: enfoque práctico 
300 |a 291 p 
942 |c BK 
945 |d 19990128 00:00:00  |a aarredon 
260 |a Zaragoza  |b Acribia  |c 1996 
650 0 |a Alimentos  |9 256203 
650 7 |a CONTROL DE ALIMENTOS  |2 CL-VaPUC  |9 262967 
650 7 |a TECNOLOGIA DE ALIMENTOS  |2 CL-VaPUC  |9 425051 
650 0 |a Análisis de alimentos  |9 361130 
650 0 |a Microbiología alimentaria  |9 259564 
650 0 |a Control de calidad   |9 259714 
650 7 |a HIGIENE DE LOS ALIMENTOS  |2 CL-VaPUC  |9 310083 
583 |a last modification  |c 19990128 00:00:00  |k Rodrigo Vera 
999 |c 278968  |d 278966 
952 |0 0  |1 0  |4 0  |6 664_200000000000000_MOR_1996  |7 0  |8 A  |9 317796  |a BIBALI  |b BIBALI  |c RES  |d 2019-11-20  |i 3482049  |o 664.2 MOR 1996  |p 3482049  |r 2025-01-20  |w 2019-11-20  |y BK_R  |k ALI 
952 |0 0  |1 0  |4 0  |6 664_200000000000000_MOR_1996  |7 0  |8 R  |9 317797  |a BIBALI  |b BIBALI  |d 2019-11-20  |i 371893K  |o 664.2 MOR 1996  |p 371893K  |r 2025-01-20  |w 2019-11-20  |y BK_R  |k ALI